| 000 | 00488nam a2200193 a 4500 | ||
|---|---|---|---|
| 001 | 1033 | ||
| 003 | CO-ViMGA | ||
| 008 | 141112s2004 ck r 000 u spa d | ||
| 040 |
_aCO-ViMGA _bspa _cCO-ViMGA |
||
| 082 | 0 | 4 | _a745.5 V196c |
| 100 | 1 |
_aVázquez López, Manuel _94953 |
|
| 245 | 1 | 0 | _aCómo decorar con cromos |
| 260 |
_aBarcelona : _bCeac, _c1990 |
||
| 300 | _a47 p : il | ||
| 490 | _aCómo hacerlo, 56 | ||
| 650 | 1 | 4 |
_aARTESANIAS _94191 |
| 650 | 1 | 4 | _aDECORACION |
| 942 |
_2ddc _cBK |
||
| 999 |
_c13257 _d13257 |
||